| 000 | 00430nam a2200157 i 4500 | ||
|---|---|---|---|
| 001 | 92110 | ||
| 003 | ES-MaACL | ||
| 005 | 20230906180911.0 | ||
| 007 | t| | ||
| 008 | 050221s1953 cu ||||1| spa d | ||
| 100 | 1 |
_aLezama Lima, José. _972118 |
|
| 245 | 1 | 0 |
_aAnalecta del reloj _b: Ensayos / _cJosé Lezama Lima. |
| 260 |
_aLa Habana : _bOrígenes, _c1953. |
||
| 300 |
_a279 p. ; _c20 cm. |
||
| 852 |
_aES-MaACL _jC-9679 _bR.34717 |
||
| 999 |
_c92110 _d92110 |
||